000 00306nam a2200121Ia 4500
008 190216s9999||||xx |||||||||||||| ||und||
100 _aSancheti And Vk Kapoor
245 0 _aStatistic Theory Methods And Applications
260 _bS Chand & Co
_c1991
300 _a1296p
650 _aStatistics
942 _cBK
999 _c5495
_d5495